000 01310cam a22003011i 4500
003 SA-RiAUC
005 20250717082844.0
008 250717s1986 su f 00000 ara c
040 _aSA-RiAUC
_bara
_cSA-RiAUC
_erda
050 4 _b.R86 1986
082 0 4 _a227.209034
_qSA-RiAUC
090 _a227.209034 ر و م
_bر و م
100 1 _aالرومي، فهد بن عبد الرحمن بن سليمان،
_d1371 هجري-
_eمؤلف.
245 1 0 _aاتجاهات التفسير في القرن الرابع عشر /
_cتأليف فهد بن عبد الرحمن سليمان الرومي.
250 _aالطبعة الأولى.
264 1 _aالرياض :
_bفهد بن عبد الرحمن سليمان الرومي،
_c1986
300 _a3 مجلد ؛
_c24 سم
336 _aنص
_btxt
_2rdacontent
_3كتاب
337 _aبدون وسيط
_bn
_2rdamedia
338 _aمجلد
_bnc
_2rdacarrier
500 _aالأصل أطروحة دكتوراه-جامعة الإمام محمد بن سعود الإسلامية، 1985.
590 _aمجلد كامل ( 3 أجزاء )
630 2 7 _aالقرآن
_xتفسير
_xتاريخ
_2aucut
630 2 7 _aالقرآن
_xتفاسير حديثة
_2aucut
730 2 2 _aالقرآن
942 _2ddc
_cBOOK
_n0
949 _aSA-JeALM
_d250717
_ueid123
_n1
999 _c10008
_d10008